MARC

LEADER 00000nam0a2200000 4500
001 256055
005 20231101233100.0
035 |a (RuTPU)RU\TPU\book\278696 
090 |a 256055 
100 |a 20140404d1987 m y0rusy50 ca 
101 0 |a rus 
102 |a RU 
105 |a a z 000zy 
200 1 |a Время и ты  |e книга для учащихся  |f сост. Н. М. Котлярова, Н. В. Мамаева 
210 |a Москва  |c Просвещение  |d 1987 
215 |a 368 с.  |c ил. 
606 1 |a Внутренняя политика  |y Россия  |2 stltpush  |3 (RuTPU)RU\TPU\subj\66057  |9 82292 
610 1 |a экономическое развитие 
610 1 |a политическое положение 
610 1 |a Россия 
610 1 |a очерки 
610 1 |a публицистика 
610 1 |a образ жизни 
610 1 |a современники 
610 1 |a 20 век 
686 |a Ф3(2)  |v LBC/SL-A  |2 rubbk 
702 1 |a Котлярова  |b Н. М.  |g Наталья Михайловна  |4 220 
702 1 |a Мамаева  |b Н. В.  |g Нина Вениаминовна  |4 220 
801 1 |a RU  |b 63413507  |c 20140404 
801 2 |a RU  |b 63413507  |c 20140718  |g RCR 
942 |c BK